000 00599nam a2200205Ia 4500
001 12676
003 GE_BSU
008 181216s||||||||xx |||||||||||||| ||und||
040 _cGE_BSU
080 _a631.8(479.22)
100 _aДараселия,М.К.
245 _aВодный режим красноземных почв.
245 _bТруды ин-та вып.12
245 _cОтв.ред.Л.В.Маруашвили
260 _aТбилиси
260 _c1939
300 _a144стр.26см.
653 _aВодный режим красноземных почв.
942 _cBK
999 _c45847
_d45847